[Event "44.Semif.Camp.Italiano Categoria Mag."]
[Site "Torino ITA"]
[Date "1984.01.25"]
[Round "5"]
[White "Rodella, Franco"]
[Black "Gazziero, Gabriele"]
[Result "1-0"]
[WhiteElo "1905"]
[BlackElo "1941"]
[Annotator "Gabriele Ballarin"]
[PlyCount "83"]
[EventDate "1984.01.21"]
[EventType "swiss"]
[EventRounds "9"]
[EventCountry "ITA"]

1. Nf3 Nf6 2. d4 g6 3. Nc3 Bg7 4. e4 d6 5. Bc4 O-O 6. Bb3 Nc6 7. h3 Na5 8. O-O Nxb3 9. axb3 c6 10. Be3 a6 11. Re1 Nd7 12. Qd2 f6 13. Bh6 Qc7 14. Rad1 b5 15. Bxg7 Kxg7 16. e5 Nb6 17. exd6 exd6 18. d5 c5 19. Ne2 Nd7 20. Ng3 Ne5 21. Nh4 Ra7 22. Re2 Qd8 23. f4 Nf7 24. Rde1 Nh6 25. f5 g5 26. Nf3 Nxf5 27. Nxf5+ Bxf5 28. b4 Qb6 29. bxc5 Qxc5+ 30. Kh1 Raf7 31. Nd4 Qxd5 32. Re5 Qxe5 33. Rxe5 fxe5 34. Nf3 g4 35. hxg4 Bg6 36. Qxd6 e4 37. Ng5 Rf1+ 38. Kh2 Re8 39. Qd7+ Kh6 40. Ne6 Rg8 41. Qd2+ Rf4 42. Qxf4# 1-0

[Event "44.Semif.Camp.Italiano Categoria Mag."]
[Site "Torino ITA"]
[Date "1984.01.25"]
[Round "5"]
[White "Sarno, Spartaco"]
[Black "Mantovani, Renzo"]
[Result "1/2-1/2"]
[WhiteElo "1968"]
[BlackElo "2146"]
[Annotator "Gabriele Ballarin"]
[PlyCount "100"]
[EventDate "1984.01.21"]
[EventType "swiss"]
[EventRounds "9"]
[EventCountry "ITA"]

1. d4 Nf6 2. c4 g6 3. Nc3 d5 4. Nf3 Bg7 5. cxd5 Nxd5 6. e4 Nxc3 7. bxc3 O-O 8. Rb1 c5 9. Be2 Nc6 10. d5 Ne5 11. Nxe5 Bxe5 12. O-O Bxc3 13. Bh6 Bg7 14. Bxg7 Kxg7 15. Qd2 b6 16. f4 f6 17. Bc4 Qc7 18. e5 Bb7 19. d6 exd6 20. exd6 Rad8 21. Rfd1 Qc6 22. Bb5 Qe4 23. Bf1 Rf7 24. Rb3 Bc6 25. Rc3 Rfd7 26. Re3 Rxd6 27. Rxe4 Rxd2 28. Rxd2 Rxd2 29. Re7+ Kh6 30. Rxa7 Bd5 31. Rd7 Rd4 32. a3 Be4 33. Rf7 f5 34. Rf6 Rd1 35. Kf2 Rd2+ 36. Kg3 Rb2 37. Rf7 Rb3+ 38. Kh4 Rxa3 39. h3 Ra4 40. g4 fxg4 41. hxg4 g5+ 42. fxg5+ Kg6 43. Rf6+ Kg7 44. Rxb6 c4 45. Bxc4 Rxc4 46. Rf6 Rc3 47. Rf2 Rf3 48. Re2 Bd3 49. Re7+ Kg6 $4 50. Re3 Rxe3 {Stallo} 1/2-1/2

[Event "44.Semif.Camp.Italiano Categoria Mag."]
[Site "Torino ITA"]
[Date "1984.01.25"]
[Round "5"]
[White "Spinelli, Doriano"]
[Black "Chiaudano, Andrea"]
[Result "1/2-1/2"]
[WhiteElo "1919"]
[BlackElo "1927"]
[Annotator "Gabriele Ballarin"]
[PlyCount "81"]
[EventDate "1984.01.21"]
[EventType "swiss"]
[EventRounds "9"]
[EventCountry "ITA"]

1. e4 Nf6 2. e5 Nd5 3. d4 d6 4. Bc4 Nb6 5. Bb3 dxe5 6. Qh5 e6 7. dxe5 a5 8. a4 Na6 9. Nf3 Nc5 10. Ba2 Nbxa4 11. O-O Be7 12. Nc3 Nxc3 13. bxc3 O-O 14. Be3 Ne4 15. Qg4 f5 16. exf6 Nxf6 17. Bxe6+ Kh8 18. Qh3 Bxe6 19. Qxe6 Qd7 20. Qb3 Qd5 21. Rfd1 Qxb3 22. cxb3 Rfd8 23. Ne5 Kg8 24. f3 Nd5 25. Bd2 Bc5+ 26. Kf1 Be3 27. Be1 Bf4 28. Nc4 b6 29. g3 Bg5 30. Rd3 Bf6 31. Rad1 c6 32. f4 Re8 33. Kg2 Re2+ 34. Kf3 Rxh2 35. Nd6 Rb2 36. c4 Nb4 37. Bxb4 axb4 38. Ne4 Be7 39. Kg4 Re2 40. Kf3 Rb2 41. R1d2 1/2-1/2

[Event "44.Semif.Camp.Italiano Categoria Mag."]
[Site "Torino ITA"]
[Date "1984.01.26"]
[Round "6"]
[White "Belotti, Bruno"]
[Black "Gallo, Enrico"]
[Result "1/2-1/2"]
[WhiteElo "2206"]
[BlackElo "2042"]
[Annotator "Gabriele Ballarin"]
[PlyCount "104"]
[EventDate "1984.01.21"]
[EventType "swiss"]
[EventRounds "9"]
[EventCountry "ITA"]

1. d4 Nf6 2. c4 c5 3. e3 g6 4. Nc3 Bg7 5. Nf3 O-O 6. Be2 cxd4 7. exd4 d5 8. O-O Nc6 9. Re1 dxc4 10. Bxc4 Bg4 11. d5 Bxf3 12. Qxf3 Nd4 13. Qd1 Nd7 14. Bg5 Ne5 15. Bf1 Re8 16. Re4 Nf5 17. Qe2 h6 18. Bf4 Nd7 19. Nb5 Nf6 20. Nc7 Nxe4 21. Nxe8 Qxe8 22. Qxe4 Qd7 23. Be5 Rd8 24. Bxg7 Kxg7 25. Bc4 Nd6 26. Qd4+ Kh7 27. Bb3 a6 28. Re1 Nc8 29. Qf4 Kg7 30. h4 Qd6 31. Qe4 h5 32. Re3 Qf6 33. Rf3 Nd6 34. Qe2 Nf5 35. Qc2 Qe5 36. Qc3 Qxc3 37. Rxc3 Rd7 38. g3 Nd4 39. Kg2 Nxb3 40. Rxb3 Kf6 41. f4 b5 42. Rd3 e6 43. Ra3 Rxd5 44. Rxa6 Kf5 45. Kh3 Ke4 46. Ra3 Rd3 47. Ra5 Rd5 48. Ra3 f6 49. Ra6 Kf3 50. Rxe6 Rd1 51. Kh2 Rd2+ 52. Kh3 Rxb2 1/2-1/2

[Event "44.Semif.Camp.Italiano Categoria Mag."]
[Site "Torino ITA"]
[Date "1984.01.26"]
[Round "6"]
[White "Boschetti, Marco"]
[Black "Pozzi, Enrico"]
[Result "0-1"]
[WhiteElo "1964"]
[BlackElo "2058"]
[Annotator "Gabriele Ballarin"]
[PlyCount "120"]
[EventDate "1984.01.21"]
[EventType "swiss"]
[EventRounds "9"]
[EventCountry "ITA"]

1. e4 c5 2. Nf3 d6 3. d4 cxd4 4. Nxd4 Nf6 5. Nc3 g6 6. Be3 Bg7 7. f3 O-O 8. Qd2 Nc6 9. O-O-O d5 10. exd5 Nxd5 11. Nxc6 bxc6 12. Bd4 e5 13. Bc5 Be6 14. Ne4 Re8 15. g4 f5 16. gxf5 gxf5 17. Ng5 Qf6 18. Nxe6 Qxe6 19. Rg1 Kh8 20. Rxg7 Kxg7 21. Bc4 Red8 22. f4 Nxf4 23. Rg1+ Kf6 24. Qc3 Rg8 25. Rf1 Nd5 26. Qh3 Qd7 27. Bd3 Nf4 28. Qh4+ Rg5 29. Rd1 Rd8 30. Be3 Qg7 31. Bxf4 exf4 32. Qe1 Qd7 33. Qc3+ Kg6 34. Qc5 Qd5 35. Bxf5+ Rxf5 36. Rxd5 Rfxd5 37. Qg1+ Kf5 38. Qe1 f3 39. c4 Rd1+ 40. Qxd1 Rxd1+ 41. Kxd1 Kf4 42. Ke1 Ke3 43. c5 a5 44. b3 Kd3 45. Kf2 Kc3 46. Kxf3 Kb2 47. Kf4 Kxa2 48. Ke5 Kxb3 49. Kd6 a4 50. Kxc6 a3 51. Kb7 a2 52. c6 a1=Q 53. c7 Qh1+ 54. Ka7 Qc6 55. Kb8 Qb6+ 56. Kc8 Kb4 57. Kd7 Qb5+ 58. Kd8 Qd5+ 59. Ke7 Qc6 60. Kd8 Qd6+ 0-1

[Event "44.Semif.Camp.Italiano Categoria Mag."]
[Site "Torino ITA"]
[Date "1984.01.26"]
[Round "6"]
[White "Ceschia, Ivano"]
[Black "Vallifuoco, Giovanni"]
[Result "1/2-1/2"]
[WhiteElo "2244"]
[BlackElo "2120"]
[Annotator "Gabriele Ballarin"]
[PlyCount "23"]
[EventDate "1984.01.21"]
[EventType "swiss"]
[EventRounds "9"]
[EventCountry "ITA"]

1. e4 c5 2. Nc3 Nc6 3. g3 g6 4. Bg2 Bg7 5. d3 d6 6. Be3 e5 7. Qd2 Nge7 8. Bh6 O-O 9. h4 Bxh6 10. Qxh6 f6 11. Qd2 Nd4 12. h5 1/2-1/2

[Event "44.Semif.Camp.Italiano Categoria Mag."]
[Site "Torino ITA"]
[Date "1984.01.26"]
[Round "6"]
[White "Cordara, Michele"]
[Black "Bellia, Fabrizio"]
[Result "0-1"]
[WhiteElo "2151"]
[BlackElo "2115"]
[Annotator "Gabriele Ballarin"]
[PlyCount "42"]
[EventDate "1984.01.21"]
[EventType "swiss"]
[EventRounds "9"]
[EventCountry "ITA"]

1. d4 Nf6 2. Bg5 c5 3. Bxf6 gxf6 4. e3 cxd4 5. exd4 d6 6. Bc4 e6 7. c3 d5 8. Bb3 Nc6 9. Qf3 Be7 10. Ne2 Qb6 11. O-O Bd7 12. Nd2 O-O-O 13. Rfd1 Na5 14. c4 dxc4 15. Nxc4 Nxc4 16. Bxc4 Kb8 17. d5 e5 18. Ng3 Rhg8 19. Nf5 Bc5 20. Rf1 Rg5 21. Nh6 Qxb2 {Nur} 0-1

[Event "44.Semif.Camp.Italiano Categoria Mag."]
[Site "Torino ITA"]
[Date "1984.01.26"]
[Round "6"]
[White "Corgnati, Maurizio"]
[Black "Gualtieri, Gaetano"]
[Result "0-1"]
[WhiteElo "2117"]
[BlackElo "1900"]
[Annotator "Gabriele Ballarin"]
[PlyCount "80"]
[EventDate "1984.01.21"]
[EventType "swiss"]
[EventRounds "9"]
[EventCountry "ITA"]

1. e4 c6 2. d4 d5 3. Nc3 dxe4 4. Nxe4 Bf5 5. Ng3 Bg6 6. Bc4 e6 7. N1e2 Nf6 8. h4 h6 9. Nf4 Bh7 10. Qe2 Bd6 11. Rh3 O-O 12. Bd3 Nbd7 13. Nxe6 Bxd3 14. cxd3 Bb4+ 15. Kf1 fxe6 16. Qxe6+ Kh8 17. Ne4 Qe8 18. Qb3 Qf7 19. Qxb4 Nxe4 20. Rf3 Nef6 21. Qxb7 Qh5 22. Qxc6 Qxh4 23. Kg1 Qxd4 24. Qc3 Qxc3 25. bxc3 Nd5 26. Rxf8+ Rxf8 27. c4 Nf4 28. Bxf4 Rxf4 29. Re1 Nc5 30. Re8+ Kh7 31. Rd8 Rf7 32. Kf1 Rd7 33. Rxd7 Nxd7 34. d4 Kg6 35. Ke2 Kf5 36. Kd3 Ke6 37. Ke4 g6 38. Kf4 Nb6 39. c5 Nd5+ 40. Kg4 Nc3 0-1

[Event "44.Semif.Camp.Italiano Categoria Mag."]
[Site "Torino ITA"]
[Date "1984.01.26"]
[Round "6"]
[White "Gazziero, Gabriele"]
[Black "Bianco, Valerio"]
[Result "0-1"]
[WhiteElo "1941"]
[BlackElo "1973"]
[Annotator "Gabriele Ballarin"]
[PlyCount "81"]
[EventDate "1984.01.21"]
[EventType "swiss"]
[EventRounds "9"]
[EventCountry "ITA"]

1. e4 c5 2. Nf3 e6 3. d4 cxd4 4. Nxd4 Nf6 5. Nc3 d6 6. Be2 Nc6 7. Be3 Be7 8. O-O O-O 9. f4 Qc7 10. Qd2 Nxd4 11. Bxd4 e5 12. Be3 exf4 13. Rxf4 a6 14. Raf1 Be6 15. Bd4 Nd7 16. Nd5 Bxd5 17. Rg4 Ne5 18. Qh6 g6 19. Rf5 Bd8 20. exd5 f6 21. Bxe5 dxe5 22. Rh5 Qg7 23. Qd2 f5 24. Rg3 Bf6 25. Rhg5 Bxg5 26. Rxg5 e4 27. Rg3 Kh8 28. c4 Rac8 29. Rc3 b6 30. b4 Qe5 31. Rc1 Rfd8 32. a4 Rb8 33. Rd1 Kg7 34. h3 h6 35. Kf1 Kh7 36. Qd4 Qxd4 37. Rxd4 Rbc8 38. Kf2 Kg7 39. Ke3 Kf6 40. g3 Ke5 41. Rd1 0-1

[Event "44.Semif.Camp.Italiano Categoria Mag."]
[Site "Torino ITA"]
[Date "1984.01.26"]
[Round "6"]
[White "Laco, Giuseppe"]
[Black "Luciani, Carlo"]
[Result "1-0"]
[WhiteElo "2170"]
[BlackElo "2112"]
[Annotator "Gabriele Ballarin"]
[PlyCount "43"]
[EventDate "1984.01.21"]
[EventType "swiss"]
[EventRounds "9"]
[EventCountry "ITA"]

1. c4 e6 2. Nf3 d5 3. b3 d4 4. Bb2 c5 5. b4 b6 6. b5 Bd6 7. e3 e5 8. Nxd4 exd4 9. Qf3 Qe7 10. Qxa8 Bb7 11. Qxa7 Nf6 12. Be2 O-O 13. Bf3 Ne4 14. Na3 f5 15. O-O-O Qc7 16. d3 Nd7 17. dxe4 Ra8 18. Qxb7 Qxb7 19. e5 Qa7 20. exd6 Nf6 21. Bxa8 Qxa8 22. exd4 1-0

[Event "44.Semif.Camp.Italiano Categoria Mag."]
[Site "Torino ITA"]
[Date "1984.01.26"]
[Round "6"]
[White "Mantovani, Renzo"]
[Black "Drei, Andrea"]
[Result "0-1"]
[WhiteElo "2146"]
[BlackElo "2132"]
[Annotator "Gabriele Ballarin"]
[PlyCount "51"]
[EventDate "1984.01.21"]
[EventType "swiss"]
[EventRounds "9"]
[EventCountry "ITA"]

1. e4 c5 2. Nf3 e6 3. d4 cxd4 4. Nxd4 Nc6 5. Nc3 Qc7 6. Be3 a6 7. g3 Nf6 8. Bg2 Be7 9. O-O O-O 10. h3 d6 11. Nde2 b5 12. f4 Bb7 13. g4 Na5 14. g5 Nd7 15. Ng3 Nc4 16. Bc1 Qb6+ 17. Kh2 Ne3 18. Bxe3 Qxe3 19. Qg4 Rac8 20. Nd5 Bxd5 21. Rae1 f5 22. exf5 Rxc2 23. Ne4 exf5 24. Rxe3 fxg4 25. Kg3 Rxg2+ 26. Kxg2 0-1

[Event "44.Semif.Camp.Italiano Categoria Mag."]
[Site "Torino ITA"]
[Date "1984.01.26"]
[Round "6"]
[White "Marchiori, Diego"]
[Black "Sarno, Spartaco"]
[Result "1/2-1/2"]
[WhiteElo "2009"]
[BlackElo "1968"]
[Annotator "Gabriele Ballarin"]
[PlyCount "39"]
[EventDate "1984.01.21"]
[EventType "swiss"]
[EventRounds "9"]
[EventCountry "ITA"]

1. e4 c6 2. d4 d5 3. exd5 cxd5 4. Bd3 Nc6 5. c3 Nf6 6. Bf4 Bg4 7. Nf3 Qb6 8. b3 g6 9. Nbd2 Bg7 10. h3 Bxf3 11. Nxf3 O-O 12. O-O Nd7 13. Re1 Rfe8 14. Qd2 e5 15. dxe5 Ndxe5 16. Nxe5 Nxe5 17. Be3 Qc7 18. Bb5 Nc6 19. Bxc6 Qxc6 20. Bd4 1/2-1/2

[Event "44.Semif.Camp.Italiano Categoria Mag."]
[Site "Torino ITA"]
[Date "1984.01.26"]
[Round "6"]
[White "Messa, Roberto"]
[Black "Pantaleoni, Claudio"]
[Result "1-0"]
[WhiteElo "2255"]
[BlackElo "2158"]
[Annotator "Gabriele Ballarin"]
[PlyCount "75"]
[EventDate "1984.01.21"]
[EventType "swiss"]
[EventRounds "9"]
[EventCountry "ITA"]

1. e4 e5 2. Nf3 Nc6 3. Bc4 Bc5 4. d3 Nf6 5. O-O d6 6. c3 a6 7. Nbd2 Ba7 8. Bb3 O-O 9. Re1 Be6 10. Nc4 h6 11. a4 Re8 12. Be3 Qd7 13. Bxa7 Rxa7 14. d4 exd4 15. Nxd4 b5 16. axb5 axb5 17. Nxb5 Rxa1 18. Qxa1 Rb8 19. Ba4 Bxc4 20. Na7 Ra8 21. Bxc6 Rxa7 22. Bxd7 Rxa1 23. Rxa1 Nxd7 24. Ra7 Kf8 25. Rxc7 Be6 26. f3 Ke7 27. Kf2 Kd8 28. Rc6 d5 29. exd5 Bxd5 30. Rd6 Be6 31. Ke3 Kc7 32. Rd1 Kc6 33. Kd4 Bb3 34. Ra1 Nc5 35. Ra5 Na4 36. c4 Nb6 37. Rc5+ Kd6 38. Rb5 1-0

[Event "44.Semif.Camp.Italiano Categoria Mag."]
[Site "Torino ITA"]
[Date "1984.01.26"]
[Round "6"]
[White "Palmiotto, Fiorentino"]
[Black "Ciuffoletti, Paolo"]
[Result "1/2-1/2"]
[WhiteElo "2095"]
[BlackElo "2128"]
[Annotator "Gabriele Ballarin"]
[PlyCount "83"]
[EventDate "1984.01.21"]
[EventType "swiss"]
[EventRounds "9"]
[EventCountry "ITA"]

1. c4 e6 2. Nc3 d5 3. cxd5 exd5 4. d4 c5 5. Nf3 Nc6 6. e3 Nf6 7. Bb5 Bd6 8. Ne5 Qc7 9. f4 O-O 10. Nxc6 bxc6 11. Be2 Bf5 12. O-O Rfe8 13. Bd3 Bxd3 14. Qxd3 Ne4 15. Bd2 Nxc3 16. bxc3 c4 17. Qc2 Rab8 18. Rf3 Qe7 19. Rff1 Qe4 20. Qxe4 Rxe4 21. Rab1 Ree8 22. Kf2 f5 23. Kf3 Rb5 24. Rxb5 cxb5 25. Rb1 Rb8 26. Ke2 a5 27. Kd1 b4 28. Kc2 Kf7 29. g3 Ke6 30. a3 bxc3 31. Rxb8 Bxb8 32. Bxc3 Bc7 33. Kb2 Kd6 34. Kc2 Kc6 35. a4 Kb6 36. Kb2 Bd6 37. Ka2 Bb4 38. Kb2 Kc6 39. Kc2 Be7 40. Be1 g5 41. Kc1 h6 42. Kb2 1/2-1/2

[Event "44.Semif.Camp.Italiano Categoria Mag."]
[Site "Torino ITA"]
[Date "1984.01.26"]
[Round "6"]
[White "Ponzetto, Giuseppe"]
[Black "Rodella, Franco"]
[Result "1/2-1/2"]
[WhiteElo "1968"]
[BlackElo "1905"]
[Annotator "Gabriele Ballarin"]
[PlyCount "37"]
[EventDate "1984.01.21"]
[EventType "swiss"]
[EventRounds "9"]
[EventCountry "ITA"]

1. d4 Nf6 2. Nf3 g6 3. g3 Bg7 4. Bg2 O-O 5. c4 d6 6. O-O Nbd7 7. Nc3 c6 8. Rb1 e5 9. dxe5 dxe5 10. Qc2 Qc7 11. b3 Nb6 12. e4 Rd8 13. c5 Nbd7 14. b4 a5 15. a3 axb4 16. axb4 Nf8 17. Bb2 Be6 18. Ra1 N6d7 19. Nd2 1/2-1/2

[Event "44.Semif.Camp.Italiano Categoria Mag."]
[Site "Torino ITA"]
[Date "1984.01.26"]
[Round "6"]
[White "Salvetti, Alec"]
[Black "Chiaudano, Andrea"]
[Result "0-1"]
[WhiteElo "1979"]
[BlackElo "1927"]
[Annotator "Gabriele Ballarin"]
[PlyCount "70"]
[EventDate "1984.01.21"]
[EventType "swiss"]
[EventRounds "9"]
[EventCountry "ITA"]

1. e4 Nf6 2. e5 Nd5 3. d4 d6 4. Be2 Nb6 5. Nf3 g6 6. O-O Bg7 7. Bf4 Nc6 8. Bb5 Bd7 9. Qe2 O-O 10. c3 a6 11. Bd3 Bg4 12. Be4 d5 13. Bc2 f6 14. exf6 exf6 15. h3 Re8 16. Qd1 Be6 17. a4 Nc4 18. b3 Nd6 19. b4 Ne4 20. Bxe4 dxe4 21. Nfd2 f5 22. Na3 g5 23. Bh2 Bf7 24. Nac4 f4 25. b5 Ne7 26. Rc1 Qd5 27. Rb1 Nf5 28. g4 Nh4 29. Qe2 Nf3+ 30. Kg2 Nxd2 31. Nxd2 f3+ 32. Nxf3 exf3+ 33. Qxf3 Qxf3+ 34. Kxf3 Bd5+ 35. Kg3 Bf8 0-1

[Event "44.Semif.Camp.Italiano Categoria Mag."]
[Site "Torino ITA"]
[Date "1984.01.26"]
[Round "6"]
[White "Spinelli, Doriano"]
[Black "Fabbri, Mario"]
[Result "1/2-1/2"]
[WhiteElo "1919"]
[BlackElo "2200"]
[Annotator "Gabriele Ballarin"]
[PlyCount "51"]
[EventDate "1984.01.21"]
[EventType "swiss"]
[EventRounds "9"]
[EventCountry "ITA"]

1. e4 e5 2. Nf3 Nc6 3. Bb5 Nd4 4. Nxd4 exd4 5. O-O Bc5 6. d3 c6 7. Bc4 d6 8. Nd2 Qe7 9. h3 Be6 10. Bb3 h6 11. Nf3 g5 12. c3 dxc3 13. d4 c2 14. Bxc2 Bb6 15. d5 Bd7 16. Nd4 cxd5 17. exd5 Qf6 18. Be3 Ne7 19. Ba4 Rd8 20. Bxd7+ Rxd7 21. Qa4 Nxd5 22. Rac1 Ke7 23. Qc4 Nxe3 24. fxe3 Bxd4 25. Rxf6 Bxf6 26. Rf1 {Nur} 1/2-1/2

[Event "44.Semif.Camp.Italiano Categoria Mag."]
[Site "Torino ITA"]
[Date "1984.01.26"]
[Round "6"]
[White "Steinfl, Alessandro"]
[Black "Malgaroli, Luciano"]
[Result "0-1"]
[WhiteElo "2025"]
[BlackElo "2072"]
[Annotator "Gabriele Ballarin"]
[PlyCount "100"]
[EventDate "1984.01.21"]
[EventType "swiss"]
[EventRounds "9"]
[EventCountry "ITA"]

1. e4 Nc6 2. Nf3 e6 3. d4 d5 4. Nbd2 Nf6 5. e5 Nd7 6. c3 f6 7. exf6 Qxf6 8. Be2 Bd6 9. O-O e5 10. dxe5 Ncxe5 11. c4 O-O 12. cxd5 Nc5 13. b4 Nxf3+ 14. Nxf3 Qxa1 15. bxc5 Bf4 16. d6 Bxc1 17. d7 Bxd7 18. Qxd7 Qc3 19. Qd1 Bh6 20. Qd5+ Kh8 21. Ne5 Qd2 22. Qe6 Qf4 23. Bc4 Rae8 24. Nf7+ Qxf7 25. Qxf7 Rxf7 26. Bxf7 Re7 27. Rd1 g6 28. Bd5 c6 29. Bf3 Bd2 30. g3 Bb4 31. Rc1 a5 32. a4 Kg7 33. Kg2 Kf6 34. Bg4 Ke5 35. Rc2 Kd4 36. Kf3 Bxc5 37. Bc8 Bb4 38. Kf4 Rc7 39. Be6 Re7 40. Re2 b5 41. axb5 cxb5 42. h4 a4 43. h5 a3 44. hxg6 hxg6 45. Re4+ Kc3 46. Ke3 Rxe6 47. Rxe6 a2 48. Ra6 Kb2 49. Rxa2+ Kxa2 50. Kd4 Be1 0-1

[Event "44.Semif.Camp.Italiano Categoria Mag."]
[Site "Torino ITA"]
[Date "1984.01.26"]
[Round "6"]
[White "Villasco, Paolo"]
[Black "Mammola, Dino"]
[Result "1/2-1/2"]
[WhiteElo "1900"]
[BlackElo "2005"]
[Annotator "Gabriele Ballarin"]
[PlyCount "52"]
[EventDate "1984.01.21"]
[EventType "swiss"]
[EventRounds "9"]
[EventCountry "ITA"]

1. d4 Nf6 2. c4 g6 3. Nc3 d5 4. cxd5 Nxd5 5. e4 Nxc3 6. bxc3 c5 7. Bc4 Bg7 8. Ne2 O-O 9. O-O Nc6 10. Be3 Qa5 11. Rb1 a6 12. Qc2 Qc7 13. a4 Na5 14. Ba2 cxd4 15. Bxd4 Bxd4 16. Nxd4 Bd7 17. f4 Rac8 18. Rf3 Qc5 19. Qf2 Bc6 20. Re1 Nc4 21. Rh3 f6 22. Ne6 Qxf2+ 23. Kxf2 Bd7 24. Nxf8 Bxh3 25. Nxg6 hxg6 26. gxh3 Kg7 1/2-1/2

[Event "44.Semif.Camp.Italiano Categoria Mag."]
[Site "Torino ITA"]
[Date "1984.01.27"]
[Round "7"]
[White "Bellia, Fabrizio"]
[Black "Malgaroli, Luciano"]
[Result "0-1"]
[WhiteElo "2115"]
[BlackElo "2072"]
[Annotator "Gabriele Ballarin"]
[PlyCount "120"]
[EventDate "1984.01.21"]
[EventType "swiss"]
[EventRounds "9"]
[EventCountry "ITA"]

1. Nf3 Nf6 2. g3 b5 3. Bg2 Bb7 4. O-O e6 5. d3 Be7 6. c3 O-O 7. Qb3 a6 8. a4 c6 9. e4 d6 10. e5 dxe5 11. Nxe5 Nfd7 12. Nxd7 Nxd7 13. d4 Nb6 14. a5 Nd5 15. c4 Nf6 16. Nc3 Qxd4 17. cxb5 axb5 18. Nxb5 Qb4 19. Nd4 Nd5 20. Rd1 c5 21. Qxb4 cxb4 22. Bf4 Rfc8 23. Nb5 Rc5 24. Nc7 Raxa5 25. Nxd5 Bxd5 26. Rxa5 Rxa5 27. Bxd5 exd5 28. Be5 f6 29. Bd4 Bc5 30. Bxc5 Rxc5 31. Rd4 Rb5 32. Kf1 Kf7 33. Ke2 Ke6 34. Kd3 Kd6 35. Ke3 Rb7 36. Rd2 Re7+ 37. Kd3 Rc7 38. Re2 b3 39. h4 Rc1 40. Rd2 Kc5 41. Re2 d4 42. Re7 Rd1+ 43. Ke2 Rb1 44. Rxg7 Rxb2+ 45. Kd3 Rxf2 46. Rxh7 Rf3+ 47. Kd2 Rxg3 48. Rf7 Rh3 49. Rxf6 Rxh4 50. Kc1 Rh2 51. Rf8 Kc4 52. Rc8+ Kd3 53. Rb8 b2+ 54. Kb1 Re2 55. Rh8 Ke3 56. Rh3+ Ke4 57. Rh8 d3 58. Re8+ Kf5 59. Rf8+ Kg6 60. Rf1 d2 0-1

[Event "44.Semif.Camp.Italiano Categoria Mag."]
[Site "Torino ITA"]
[Date "1984.01.27"]
[Round "7"]
[White "Bianco, Valerio"]
[Black "Geuna, Giuseppe"]
[Result "1/2-1/2"]
[WhiteElo "1973"]
[BlackElo "1900"]
[Annotator "Gabriele Ballarin"]
[PlyCount "48"]
[EventDate "1984.01.21"]
[EventType "swiss"]
[EventRounds "9"]
[EventCountry "ITA"]

1. Nf3 d5 2. b3 Nf6 3. Bb2 e6 4. e3 Bd6 5. Ne5 O-O 6. d3 Nbd7 7. f4 c6 8. Nd2 Qc7 9. Ndf3 Qb6 10. Qd2 Bc5 11. Bd4 Nxe5 12. fxe5 Bxd4 13. exd4 Ng4 14. c3 Bd7 15. Be2 f6 16. h3 Nh6 17. exf6 Rxf6 18. O-O Nf5 19. Kh2 Raf8 20. Ne5 Bc8 21. b4 Qc7 22. Kg1 Qb6 23. Kh2 Qc7 24. Kg1 Qb6 1/2-1/2

[Event "44.Semif.Camp.Italiano Categoria Mag."]
[Site "Torino ITA"]
[Date "1984.01.27"]
[Round "7"]
[White "Chiaudano, Andrea"]
[Black "Marchiori, Diego"]
[Result "1-0"]
[WhiteElo "1927"]
[BlackElo "2009"]
[Annotator "Gabriele Ballarin"]
[PlyCount "68"]
[EventDate "1984.01.21"]
[EventType "swiss"]
[EventRounds "9"]
[EventCountry "ITA"]

1. d4 Nf6 2. Nf3 g6 3. c4 Bg7 4. Nc3 d6 5. e4 O-O 6. Be2 e5 7. dxe5 dxe5 8. Qxd8 Rxd8 9. Bg5 Re8 10. Rd1 h6 11. Bc1 Na6 12. O-O c6 13. Ne1 Nc5 14. f3 a5 15. Be3 Nfd7 16. Rd2 Bf8 17. Nc2 a4 18. Rfd1 Nb6 19. b4 axb3 20. axb3 Be6 21. Kf1 Kg7 22. Ke1 Be7 23. Kf1 Nc8 24. Rb1 Bg5 25. Bxg5 hxg5 26. b4 Na4 27. Nxa4 Rxa4 28. Ne3 Ra3 29. Kf2 Nb6 30. b5 Na4 31. bxc6 bxc6 32. Bf1 Rc8 33. Rb7 Nc5 34. Rb6 g4 {Nur} 1-0

[Event "44.Semif.Camp.Italiano Categoria Mag."]
[Site "Torino ITA"]
[Date "1984.01.27"]
[Round "7"]
[White "Diana, Riccardo"]
[Black "Ciuffoletti, Paolo"]
[Result "0-1"]
[WhiteElo "1958"]
[BlackElo "2128"]
[Annotator "Gabriele Ballarin"]
[PlyCount "52"]
[EventDate "1984.01.21"]
[EventType "swiss"]
[EventRounds "9"]
[EventCountry "ITA"]

1. e4 c6 2. d4 d5 3. exd5 cxd5 4. Bd3 g6 5. Bf4 Bg7 6. c3 Nc6 7. Nf3 Nh6 8. Nbd2 O-O 9. O-O f6 10. Qb3 Kh8 11. Qc2 e5 12. dxe5 fxe5 13. Bg5 Qd6 14. Ne1 Nf5 15. Nb3 e4 16. Be2 h6 17. Bd2 Bd7 18. Rd1 a5 19. Bc1 a4 20. Nd2 Ncd4 21. cxd4 Nxd4 22. Nxe4 dxe4 23. Qxe4 Rae8 24. Rxd4 Qxd4 25. Qxd4 Bxd4 26. Bxh6 Rxf2 0-1

[Event "44.Semif.Camp.Italiano Categoria Mag."]
[Site "Torino ITA"]
[Date "1984.01.27"]
[Round "7"]
[White "Drei, Andrea"]
[Black "Cordara, Michele"]
[Result "0-1"]
[WhiteElo "2132"]
[BlackElo "2151"]
[Annotator "Gabriele Ballarin"]
[PlyCount "51"]
[EventDate "1984.01.21"]
[EventType "swiss"]
[EventRounds "9"]
[EventCountry "ITA"]

1. e4 c5 2. Nf3 d6 3. d4 cxd4 4. Nxd4 Nf6 5. Nc3 a6 6. Be2 e5 7. Nb3 Be6 8. f4 Qc7 9. g4 exf4 10. g5 Nfd7 11. Bxf4 Nc6 12. Qd2 Nce5 13. O-O-O Rc8 14. Nd4 g6 15. h4 Qa5 16. Nxe6 fxe6 17. h5 Rg8 18. hxg6 hxg6 19. Rh7 Rc6 20. Qe3 Bg7 21. Qh3 Nf8 22. Bd2 b5 23. Bg4 Nxg4 24. Qxg4 b4 25. Nd5 Qxa2 26. Bxb4 0-1

[Event "44.Semif.Camp.Italiano Categoria Mag."]
[Site "Torino ITA"]
[Date "1984.01.27"]
[Round "7"]
[White "Fabbri, Mario"]
[Black "Boschetti, Marco"]
[Result "1-0"]
[WhiteElo "2200"]
[BlackElo "1964"]
[Annotator "Gabriele Ballarin"]
[PlyCount "121"]
[EventDate "1984.01.21"]
[EventType "swiss"]
[EventRounds "9"]
[EventCountry "ITA"]

1. e4 c5 2. c4 Nc6 3. Nc3 g6 4. f4 d6 5. Nf3 Bg7 6. d3 e6 7. Be3 Nge7 8. Qd2 Nd4 9. Bf2 Nec6 10. Nxd4 Nxd4 11. Ne2 e5 12. Nxd4 cxd4 13. fxe5 dxe5 14. Be2 Be6 15. O-O O-O 16. Bf3 Qe7 17. a4 Kh8 18. Rfe1 Rae8 19. Bg3 f6 20. Qa5 b6 21. Qd2 a5 22. b4 axb4 23. Qxb4 Qxb4 24. Reb1 Ra8 25. Rxb4 Rfb8 26. Rab1 Bh6 27. Bd1 Bd7 28. Bc2 Ra6 29. c5 Bd2 30. Rxb6 Raxb6 31. Rxb6 Rxb6 32. cxb6 Bc8 33. Kf1 Ba5 34. Be1 Bxb6 35. Bb4 Kg7 36. Bb3 f5 37. a5 Ba7 38. Bd5 Ba6 39. Ke2 Bc8 40. Bd6 Kf6 41. Kd2 fxe4 42. Bxe4 Ke6 43. Bc7 Ba6 44. h4 Bc5 45. g4 Be7 46. g5 Bb4+ 47. Ke2 Be7 48. Kf2 Bb4 49. Ke2 Be7 50. Kf3 Bc8 51. Bc6 Bb4 52. Ke4 Be1 53. Bxe5 Bxh4 54. Bd5+ Kd7 55. Bc4 Bb7+ 56. Kxd4 Bxg5 57. a6 Ba8 58. Bg8 Be7 59. Bxh7 g5 60. Bf5+ Ke8 61. a7 1-0